Effect of soymilk substitution on physicochemical properties and sensory preference of instant nasi lemak

Coconut milk contains high content of saturated fat and soy milk substitution in food brings new trend of healthy lifestyle

Main Author: Ku, Poh Ling
Published: Terengganu: Universiti Malaysia Terengganu, 2012.
LEADER 00761cam a2200169 7i4500
001 0000144160
005 20130702090000.0
002 0000009268
090 0 0 |a LP 21 FASM 1 2012  
100 0 # |a Ku, Poh Ling  
245 1 0 |a Effect of soymilk substitution on physicochemical properties and sensory preference of instant nasi lemak   |c Ku Poh Ling. 
260 # # |a Terengganu:   |b Universiti Malaysia Terengganu,   |c 2012. 
300 |a x, 150 p.:   |b ill.;   |c 30 cm.. 
502 # # |a Research Report FASM (Degree of Bachelor of Food Science - Food Technology) 2012 
520 3 # |a Coconut milk contains high content of saturated fat and soy milk substitution in food brings new trend of healthy lifestyle 
602 # # |a Laporan Projek FASM 2012 
999 |a 1100090210  |b Book  |c LAPORAN PROJEK  |e BILIK ARKIB